000 00936nam a2200217 4500
005 20260217160713.0
008 260203b |||||||| |||| 00| 0 eng d
020 _a9780080982052
041 _aEnglish
082 _a745.4
_bASH
100 _aAshby Mike
_9216561
245 _aMaterials and Design: The Art and Science of Material Selection in Product Design
250 _a3rd
260 _aLondon
_bElsevier
_c2014
300 _a389
365 _b3936.07
_cRs.00
520 _aCHAPTER 1. Introduction CHAPTER 2 What Influences Product Design? CHAPTER 3 Materiality, Design, and Creativity CHAPTER 4 Materials: The Stuff That Surrounds Us CHAPTER 5 Manufacturing: Shaping, Joining, and Surfaces CHAPTER 6 Form Follows Material CHAPTER 7. Material Selection CHAPTER 8 Materials and Sustainability CHAPTER 9 New Materials CHAPTER 10 Conclusions
650 _aDesign
700 _aJohnson Kara
_9216562
942 _cBK
999 _c370264
_d370264